Observations sur le sentiment du beau et du sublime
Spremljeno u:
| Format: | Knjiga |
|---|---|
| Jezik: | francuski |
| Izdano: |
París
J. Vrin
1953
|
| Serija: | Bibliothèque des Textes Philosophiques
|
| Teme: | |
| Oznake: |
Dodaj oznaku
Bez oznaka, Budi prvi tko označuje ovaj zapis!
|
MARC
| LEADER | 00000nam a2200000 a 4500 | ||
|---|---|---|---|
| 001 | UCZ3050 | ||
| 003 | CL-VaPUC | ||
| 005 | 20210515001802.0 | ||
| 008 | 951013e19530000FR |||||||||||||||||fre|d | ||
| 999 | |c 239579 |d 239577 | ||
| 040 | |c Pontificia Universidad Católica de Valparaíso | ||
| 082 | 0 | 4 | |a 142.3 |b KAN |2 21 |
| 245 | 1 | 0 | |a Observations sur le sentiment du beau et du sublime |
| 260 | |a París |b J. Vrin |c 1953 | ||
| 300 | |a 84 p | ||
| 490 | 0 | |a Bibliothèque des Textes Philosophiques | |
| 583 | |a last modification |c 19951013 00:00:00 |k Rodrigo Vera | ||
| 650 | 0 | |a Metafísica |9 265649 | |
| 650 | 0 | |a Filosofía de las ciencias |9 256466 | |
| 650 | 0 | |a Filosofía alemana |9 265002 | |
| 650 | 0 | |a Teoría del conocimiento |9 255038 | |
| 650 | 0 | |a Naturaleza humana |9 308593 | |
| 852 | |a BIBCUR | ||
| 942 | |c BK |2 ddc | ||
| 945 | |d 19951013 00:00:00 |a lriquelm | ||
| 952 | |0 0 |1 0 |4 0 |6 142_300000000000000_KAN_1953 |7 0 |8 P |9 250837 |a BIBEDU |b BIBEDU |c BIBEDU_PB |d 2019-11-18 |i 1583425 |o 142.3 KAN 1953 |p 1583425 |r 2024-01-25 |w 2019-11-18 |y BK |k FIL | ||